000 00565nam a2200157 i 4500
001 183686
003 ES-MaACL
005 20230906221943.0
008 140923s1911 sp |||| | spa d
100 0 _aPeñalba Alonso de Ojeda, Matías.
_990297
245 1 0 _aCastilla y su deber
_b: conferencia dada en el Ateneo de Valladolid el 4 de mayo de 1911 /
_cpor Matías Peñalba Alonso de Ojeda.
260 _aValladolid :
_b[s.n.],
_c1911 (
_fImpr. Castellana)
300 _a30 p. ;
_c21 cm.
710 2 _aAteneo de Valladolid.
_92031
852 _aES-MaACL
_jT-1376-F-4
999 _c183686
_d183686